Nghệ sĩ chèo hoa tâm

Guardat en:
Dades bibliogràfiques
Autor principal: Trần Việt Ngữ
Format: Llibre
Publicat: H. Văn hóa 1979
Matèries:
Etiquetes: Afegir etiqueta
Sense etiquetes, Sigues el primer a etiquetar aquest registre!
Thư viện lưu trữ: Trung tâm Học liệu Lê Vũ Hùng, Trường Đại học Đồng Tháp
LEADER 00735pam a22002418a 4500
001 00017379
005 20171026081022.0
008 110419s1979 ||||||Viesd
041 0 # |a Vie 
082 1 4 |a 792.092  |b NGH250S 
100 0 # |a Trần Việt Ngữ 
245 0 0 |a Nghệ sĩ chèo hoa tâm  |c Trần Việt Ngữ 
260 # # |a H.  |b Văn hóa  |c 1979 
300 # # |a 247tr.  |b Hình ảnh  |c 19cm. 
650 # 4 |a Chèo 
650 # 4 |a Nghệ sĩ 
650 # 4 |a Hoa tâm 
653 # # |a Nghệ thuật sân khấu 
653 # # |a Việt Nam 
852 # # |j KD.0002784 
852 # # |b Kho đọc  |j KD.0002784 
910 |d 19/04/2011 
980 # # |a Trung tâm Học liệu Lê Vũ Hùng, Trường Đại học Đồng Tháp